Praxis del cine.
সংরক্ষণ করুন:
| প্রধান লেখক: | |
|---|---|
| বিন্যাস: | গ্রন্থ |
| প্রকাশিত: |
Madrid, España:
Fundamentos,
2004.
|
| সংস্করন: | Octava edición. |
| মালা: | Colección Arte ;
|
| বিষয়গুলি: | |
| ট্যাগগুলো: |
ট্যাগ যুক্ত করুন
কোনো ট্যাগ নেই, প্রথমজন হিসাবে ট্যাগ করুন!
|
MARC
| LEADER | 00000nam a22000007a 4500 | ||
|---|---|---|---|
| 003 | CL-VaPUC | ||
| 005 | 20250407202438.0 | ||
| 008 | 250307t2004 ||||| |||| 00| 0 eng d | ||
| 999 | |c 447165 |d 447163 | ||
| 020 | |a 84-245-0049-9 | ||
| 040 | |c Pontificia Universidad Católica de Valparaíso | ||
| 082 | 0 | 4 | |a 791.4301 BUR 2004 |2 21 |
| 100 | |a Burch, Nöel |e autor |9 896403 | ||
| 245 | 1 | 0 | |a Praxis del cine. |
| 250 | |a Octava edición. | ||
| 260 | |a Madrid, España: |b Fundamentos, |c 2004. | ||
| 300 | |a 188 páginas. | ||
| 490 | 0 | |a Colección Arte ; |n 2. | |
| 500 | |a c.1-2: Instituto Arcos 8-1-2025. | ||
| 583 | |a last modification |c 20130509 12:56:00 |k Cristina María Rojas Aguilar | ||
| 650 | |a Cine |x Crítica e interpretación |9 896404 | ||
| 650 | 0 | |a Películas cinematográficas |x Elementos |9 264961 |v Filosofía y teoría | |
| 942 | |c BK |2 ddc |n 0 | ||
| 952 | |0 0 |1 0 |2 ddc |4 0 |6 791_430100000000000_BUR_2004 |7 0 |8 A |9 600767 |a BIBINC |b BIBINC |d 2025-03-07 |e Instituto Arcos |i 5665676 |o 791.4301 BUR 2004 |p 5665676 |r 2025-03-07 |t 1 |w 2025-03-07 |y BK |k IFP | ||
| 952 | |0 0 |1 0 |2 ddc |4 0 |6 791_430100000000000_BUR_2004 |7 0 |8 A |9 601549 |a BIBINC |b BIBINC |d 2025-03-19 |e Instituto Arcos |i 5666272 |o 791.4301 BUR 2004 |p 5666272 |r 2025-03-19 |t 2 |w 2025-03-19 |y BK |k IFP | ||